000 00448nam a2200121Ia 4500
008 220616s9999||||xx |||||||||||||| ||und||
100 _aTran, Chung Anh
245 0 _aRole and dynamics of 'Late-comers' in the global technology competition
546 _aEnglish[eng]
650 _aInnovation||Technology Competition||Emerging Economies||Patent Statistics||Technological Capabilities
856 _uhttps://www.ksp.kit.edu/9783866446489
942 _cEB
999 _c20128
_d20128